[Event "IMSA Rapid Women 2019"]
[Site "Hengshui"]
[Date "2019.05.16"]
[Round "11.12"]
[White "Gunina, Valentina"]
[Black "Krush, Irina"]
[Result "1-0"]
[WhiteElo "2506"]
[BlackElo "2422"]
[Annotator "ChessBase"]
[PlyCount "87"]
[EventDate "2019.05.14"]
[EventType "rapid"]
[EventCountry "CHN"]
[SourceTitle "playchess.com"]
[Source "ChessBase"]
[SourceQuality "1"]
[TimeControl "900+10"]

1. e4 {[%emt 0:00:00]} c5 {[%emt 0:00:00]} 2. Nf3 {[%emt 0:00:00]} d6 {[%emt 0:00:00]} 3. d4 {[%emt 0:00:00]} cxd4 {[%emt 0:00:00]} 4. Qxd4 {[%emt 0:00:00]} a6 {[%emt 0:00:17]} 5. Be2 {[%emt 0:00:17]} Nc6 {[%emt 0:00:07]} 6. Qd3 {[%emt 0:00:14]} g6 {[%emt 0:00:27]} 7. O-O {[%emt 0:00:09]} Bg7 {[%emt 0:00:02]} 8. c4 {[%emt 0:00:05]} Nf6 {[%emt 0:00:43]} 9. h3 {[%emt 0:00:03]} O-O {[%emt 0:00:19]} 10. Nc3 {[%emt 0:00:02]} Be6 {[%emt 0:00:24]} 11. Nd5 {[%emt 0:01:27]} Nd7 {[%emt 0:02:09]} 12. Rd1 {[%emt 0:02:44]} Rc8 {[%emt 0:00:34]} 13. Qe3 {[%emt 0:04:12]} Nde5 {[%emt 0:01:30]} 14. Rb1 {[%emt 0:01:09]} Nxf3+ {[%emt 0:00:18]} 15. Bxf3 {[%emt 0:00:03]} Ne5 {[%emt 0:00:33]} 16. b3 {[%emt 0:00:43]} Nxf3+ {[%emt 0:00:06]} 17. Qxf3 {[%emt 0:00:01]} b5 {[%emt 0:01:09]} 18. cxb5 {[%emt 0:00:23]} axb5 {[%emt 0:00:02]} 19. Bg5 {[%emt 0:00:02]} Re8 {[%emt 0:04:11]} 20. b4 {[%emt 0:00:49]} Bxd5 {[%emt 0:01:10]} 21. Rxd5 {[%emt 0:00:05]} Qd7 {[%emt 0:00:22]} 22. Qd3 {[%emt 0:01:14]} Rb8 {[%emt 0:01:40]} 23. e5 {[%emt 0:01:44]} Qa7 {[%emt 0:00:01]} 24. exd6 {[%emt 0:00:05]} exd6 {[%emt 0:00:02]} 25. Qd2 {[%emt 0:00:16]} Be5 {[%emt 0:00:31]} 26. Be3 {[%emt 0:00:30]} Qe7 {[%emt 0:00:28]} 27. Qd3 {[%emt 0:00:36]} Qb7 {[%emt 0:00:41]} 28. Rd1 {[%emt 0:00:23]} Rec8 {[%emt 0:00:13]} 29. f4 {[%emt 0:00:59]} Bc3 {[%emt 0:00:29]} 30. a3 {[%emt 0:00:56]} Qa6 {[%emt 0:00:13]} 31. Rxd6 {[%emt 0:00:02]} Qxa3 {[%emt 0:00:01]} 32. Bc5 {[%emt 0:00:01]} Bb2 {[%emt 0:01:02]} 33. Qd5 {[%emt 0:00:13]} Qc3 {[%emt 0:00:31]} 34. f5 {[%emt 0:00:20]} Qc4 {[%emt 0:00:12]} 35. fxg6 {[%emt 0:00:27]} Qxd5 {[%emt 0:00:02]} 36. gxh7+ {[%emt 0:00:02]} Kxh7 {[%emt 0:00:02]} 37. R1xd5 {[%emt 0:00:02]} Rb7 {[%emt 0:00:21]} 38. Rh5+ {[%emt 0:00:04]} Kg7 {[%emt 0:00:04]} 39. Rg5+ {[%emt 0:00:03]} Kh7 {[%emt 0:00:05]} 40. Rdd5 {[%emt 0:00:16]} Rc6 {[%emt 0:00:06]} 41. Be3 {[%emt 0:00:12]} Re6 {[%emt 0:00:25]} 42. Bd2 {[%emt 0:00:27]} Re2 {[%emt 0:00:14]} 43. Rg4 {[%emt 0:00:06]} Ra7 {[%emt 0:00:12]} 44. Rh5# {[%emt 0:00:03]} 1-0

[Event "IMSA Rapid Women 2019"]
[Site "Hengshui"]
[Date "2019.05.16"]
[Round "11.13"]
[White "Abdumalik, Zhansaya"]
[Black "Ushenina, Anna"]
[Result "0-1"]
[WhiteElo "2464"]
[BlackElo "2442"]
[Annotator "RC"]
[PlyCount "146"]
[EventDate "2019.05.14"]
[EventType "rapid"]
[EventCountry "CHN"]
[SourceTitle "playchess.com"]
[Source "ChessBase"]
[SourceQuality "1"]
[TimeControl "900+10"]

1. e4 {[%emt 0:00:00]} c6 {[%emt 0:00:00]} 2. d4 {[%emt 0:00:00]} d5 {[%emt 0:00:00]} 3. Nd2 {[%emt 0:00:00]} dxe4 {[%emt 0:00:00]} 4. Nxe4 {[%emt 0:00:00]} Bf5 {[%emt 0:00:00]} 5. Ng3 {[%emt 0:00:00]} Bg6 {[%emt 0:00:00]} 6. h4 {[%emt 0:00:00]} h6 {[%emt 0:00:00]} 7. Nf3 {[%emt 0:00:00]} Nf6 {[%emt 0:00:02]} 8. Ne5 {[%emt 0:00:50]} Bh7 {[%emt 0:00:01]} 9. Bd3 {[%emt 0:00:33]} Bxd3 {[%emt 0:00:08]} 10. Qxd3 {[%emt 0:00:02]} e6 {[%emt 0:00:10]} 11. Bf4 {[%emt 0:00:33]} Qa5+ {[%emt 0:00:14]} 12. c3 {[%emt 0:00:29]} Nbd7 {[%emt 0:01:32]} 13. O-O {[%emt 0:00:11]} Be7 {[%emt 0:00:23]} 14. b4 {[%emt 0:00:38]} Qd8 {[%emt 0:02:01]} 15. Nxd7 {[%emt 0:01:41]} Qxd7 {[%emt 0:00:29]} 16. Be5 {[%emt 0:00:07]} O-O {[%emt 0:00:48]} 17. Rae1 {[%emt 0:01:55]} a5 {[%emt 0:00:33]} 18. a3 {[%emt 0:03:52]} axb4 {[%emt 0:00:04]} 19. axb4 {[%emt 0:00:00]} Ra3 {[%emt 0:00:33]} 20. Bxf6 {[%emt 0:00:43]} Bxf6 {[%emt 0:00:02]} 21. Re4 {[%emt 0:00:01]} Qd5 {[%emt 0:01:05]} 22. Ne2 {[%emt 0:00:12]} e5 {[%emt 0:01:15]} 23. Rg4 {[%emt 0:00:39]} exd4 {[%emt 0:03:47]} 24. Nxd4 {[%emt 0:00:02]} Re8 {[%emt 0:00:26]} 25. Rd1 {[%emt 0:00:48]} Qh5 {[%emt 0:01:29]} 26. Qf5 {[%emt 0:00:36]} Qxf5 {[%emt 0:00:06]} 27. Nxf5 {[%emt 0:00:01]} h5 {[%emt 0:00:39]} 28. Rf4 {[%emt 0:01:47]} Rxc3 {[%emt 0:00:04]} 29. g3 {[%emt 0:00:01]} Rd8 {[%emt 0:01:15]} 30. Re1 {[%emt 0:00:58]} Kf8 {[%emt 0:00:51]} 31. Kg2 {[%emt 0:00:09]} Rcd3 {[%emt 0:00:05]} 32. Rc4 {[%emt 0:01:09]} g6 {[%emt 0:00:10]} 33. Ne3 {[%emt 0:00:01]} R8d4 {[%emt 0:00:48]} 34. Rb1 {[%emt 0:00:20]} Rd2 {[%emt 0:00:37]} 35. b5 {[%emt 0:00:15]} Rxc4 {[%emt 0:00:46]} 36. Nxc4 {[%emt 0:00:01]} Rc2 {[%emt 0:00:04]} 37. Ne3 {[%emt 0:00:44]} Rb2 {[%emt 0:00:04]} 38. Rxb2 {[%emt 0:00:40]} Bxb2 {[%emt 0:00:01]} 39. Nc4 {[%emt 0:00:00]} Bd4 {[%emt 0:00:28]} 40. bxc6 {[%emt 0:00:09]} bxc6 {[%emt 0:00:01]} 41. Na5 {[%emt 0:00:16]} c5 {[%emt 0:00:01]} 42. Nc6 {[%emt 0:00:11]} Bc3 {[%emt 0:00:13]} 43. Kf3 {[%emt 0:00:01]} Ke8 {[%emt 0:00:23]} 44. g4 {[%emt 0:00:06]} Kd7 {[%emt 0:00:20]} 45. Na7 {[%emt 0:00:01]} Bf6 {[%emt 0:00:12]} 46. g5 {[%emt 0:01:06]} Bc3 {[%emt 0:00:17]} 47. Nb5 {[%emt 0:00:02]} Bb2 {[%emt 0:00:06]} 48. Ke4 {[%emt 0:00:10]} Kc6 {[%emt 0:00:05]} 49. Na7+ {[%emt 0:00:01]} Kb6 {[%emt 0:00:13]} 50. Nc8+ {[%emt 0:00:02]} Kb5 {[%emt 0:00:05]} 51. Nd6+ {[%emt 0:00:02]} Kb4 {[%emt 0:00:02]} 52. Kd3 {[%emt 0:00:04]} Bd4 {[%emt 0:00:04]} 53. f4 {[%emt 0:00:20]} Bf2 {[%emt 0:00:01]} 54. Nxf7 {[%emt 0:00:08]} c4+ {[%emt 0:00:11]} 55. Kc2 {[%emt 0:00:01]} Bxh4 {[%emt 0:00:01]} 56. Nh8 {[%emt 0:01:10]} Bg3 {[%emt 0:00:04]} 57. f5 {[%emt 0:00:21]} gxf5 {[%emt 0:00:10]} 58. Nf7 {[%emt 0:00:01]} Bh4 {[%emt 0:00:46]} 59. g6 {[%emt 0:00:21]} Bf6 {[%emt 0:00:02]} 60. Nd6 {[%emt 0:00:02]} f4 {[%emt 0:00:13]} 61. Kd2 {[%emt 0:00:02]} h4 {[%emt 0:00:08]} 62. Ne4 {[%emt 0:00:02]} Bd4 {[%emt 0:00:26]} 63. Ke2 {[%emt 0:00:10]} h3 {[%emt 0:00:05]} 64. Kf3 {[%emt 0:00:03]} c3 {[%emt 0:00:05]} 65. Nf2 {[%emt 0:00:13]} c2 {[%emt 0:00:05]} 66. Nd3+ {[%emt 0:00:01]} Kc4 {[%emt 0:00:10]} 67. Nc1 {[%emt 0:00:03]} Bg7 {[%emt 0:00:22]} 68. Ne2 {[%emt 0:00:04]} Kb3 {[%emt 0:00:10]} 69. Nc1+ {[%emt 0:00:09]} Kb2 {[%emt 0:00:04]} 70. Nd3+ {[%emt 0:00:01]} Kb1 {[%emt 0:00:03]} 71. Kf2 {[%emt 0:00:15]} c1=Q {[%emt 0:00:05]} 72. Nxc1 {[%emt 0:00:01]} Kxc1 {[%emt 0:00:00]} 73. Kg1 {[%emt 0:00:01]} f3 {[%emt 0:00:20]} 0-1

[Event "IMSA Rapid Women 2019"]
[Site "Hengshui"]
[Date "2019.05.16"]
[Round "11.14"]
[White "Harika, Dronavalli"]
[Black "Zhao, Xue"]
[Result "1/2-1/2"]
[WhiteElo "2492"]
[BlackElo "2485"]
[Annotator "TA"]
[PlyCount "130"]
[EventDate "2019.05.14"]
[EventType "rapid"]
[EventCountry "CHN"]
[SourceTitle "playchess.com"]
[Source "ChessBase"]
[SourceQuality "1"]

{[%evp 9,130,40,45,42,35,30,43,32,29,22,47,31,40,37,54,17,29,31,27,20,24,0,0,-4,0,0,24,11,24,0,6,13,32,16,16,14,28,20,28,0,0,0,0,0,0,-11,-11,-13,-6,-4,-11,-20,0,-6,0,0,0,-6,0,-5,-6,-6,-7,-2,0,0,0,0,8,13,63,51,46,33,82,0,0,0,0,0,0,0,0,0,0,0,0,0,0,0,0,0,0,0,0,0,0,0,0,0,0,0,0,0,0,0,0,0,0,0,0,0,0,0,0,0,0,0,0,0,0,0,0]} 1. e4 Nf6 2. e5 Nd5 3. d4 d6 4. Nf3 c6 5. Be2 Bf5 6. O-O {B04: Alekhine's Defence: 4 Nf3} dxe5 7. Nxe5 Nd7 8. Bd3 {White is slightly better.} (8. Nf3 Qc7 9. Nh4 Be6 10. Re1 Rd8 11. Bf1 g6 12. c4 N5f6 13. Nc3 Bg7 14. h3 {1-0 (137) Grischuk,A (2772)-Ivanchuk,V (2726) Huaian 2017}) 8... Bxd3 9. Nxd3 g6 10. Nd2 Bg7 11. Nf3 O-O 12. c3 $146 ({Predecessor:} 12. Re1 e6 13. c3 Rc8 14. Bg5 {½-½ (79) Alekseev,E (2636)-Yuffa,D (2534) Sochi 2016}) 12... a5 13. Re1 a4 14. a3 b5 15. Bf4 Nxf4 16. Nxf4 Nb6 17. Qe2 Qd6 18. g3 e6 19. Rad1 Rfd8 20. h4 h6 21. Nd2 Qc7 22. Nd3 Nd7 23. Ne4 e5 24. dxe5 Nxe5 25. Nxe5 Qxe5 26. Qf3 Rd5 27. Ng5 Rxd1 28. Qxd1 Qc7 29. Nf3 Rd8 30. Qe2 Qd7 31. Qe4 Qd6 32. Kg2 Bf6 33. Re2 Qd5 34. Qxd5 Rxd5 $11 {[%mdl 4096] Endgame KRB-KRN} 35. Re8+ Kg7 36. Rc8 Rd6 37. g4 g5 38. h5 Re6 39. Kf1 Re4 40. Rxc6 Rxg4 41. Rc5 Rf4 42. Ke2 (42. Ng1 $16) 42... g4 $1 {The position is equal.} 43. Nd4 Bxd4 44. cxd4 Rxd4 45. Rxb5 {KR-KR} Kf6 46. Ke3 Rc4 47. Ra5 Rc2 48. Rb5 Rc4 49. Ra5 Rc2 50. Rb5 Ke6 51. Kf4 Rxf2+ 52. Kxg4 Rg2+ 53. Kf4 Kf6 54. Rb6+ Kg7 55. Rb4 Kf6 56. Rb6+ Kg7 57. Rb4 Kf6 58. Rb6+ Kg7 59. Rb4 Rh2 60. Kg4 Kf6 61. Rf4+ Kg7 62. Rb4 Kf6 63. Rb6+ Kg7 64. Rb4 Kf6 65. Rb6+ Kg7 {Accuracy: White = 69%, Black = 57%.} 1/2-1/2

[Event "IMSA Rapid Women 2019"]
[Site "Hengshui"]
[Date "2019.05.16"]
[Round "11.15"]
[White "Dzagnidze, Nana"]
[Black "Khotenashvili, Bela"]
[Result "1/2-1/2"]
[WhiteElo "2510"]
[BlackElo "2476"]
[Annotator "TA"]
[PlyCount "106"]
[EventDate "2019.05.14"]
[EventType "rapid"]
[EventCountry "CHN"]
[SourceTitle "playchess.com"]
[Source "ChessBase"]
[SourceQuality "1"]

{[%evp 22,106,19,0,4,0,0,0,0,0,0,0,0,-12,54,57,120,106,98,97,111,106,109,108,83,97,94,94,126,122,125,24,28,18,15,12,16,0,0,0,0,0,0,0,20,24,34,34,34,17,17,17,16,0,9,0,7,0,6,6,13,6,6,6,6,6,6,5,5,0,0,0,0,0,0,0,0,0,0,0,5,0,5,0,5,0,5]} 1. Nf3 g6 2. c4 c5 3. Nc3 Bg7 4. g3 Nc6 5. Bg2 e5 6. d3 Nge7 7. O-O d6 8. a3 O-O 9. Rb1 a5 10. Bd2 h6 11. Ne1 Be6 12. Nc2 d5 {A37: Symmetrical English vs ...g6: 4 Bg2 Bg7 5 Nf3} 13. cxd5 Nxd5 14. Ne3 {[%cal Rg2d5]} Nde7 (14... Nb6 15. Ne4 Qe7 16. Qc1 Nd7 17. Nc3 Kh7 18. Ned5 Qd8 19. e3 Rc8 20. Qc2 {1-0 (57) Mchedlishvili,M (2604)-Parligras,M (2616) Heraklio 2017}) 15. Na4 b6 16. b4 cxb4 17. axb4 {[#] Hoping for b5.} Rb8 (17... b5 $1 $11 18. Nc5 a4) 18. bxa5 $14 bxa5 (18... Nxa5 $14 19. Qc2 b5) 19. Nc5 $36 {[%mdl 2048] White is in control.} Qd6 20. Nxe6 Qxe6 $146 ({Predecessor:} 20... Rxb1 21. Qxb1 Qxe6 {½-½ (55) Okcular,A-Backlund,A (2185) Guarapuava 1995}) 21. Rxb8 Rxb8 22. Nc4 h5 23. Nxa5 Nxa5 24. Bxa5 Rb2 25. Bc3 Ra2 26. Qb1 (26. e3 $16) 26... Rxe2 $11 27. Bf3 Ra2 28. Re1 Ra3 29. Qb2 Rb3 30. Qa1 {[%cal Rc3e5]} Nc6 31. Bg2 Qd6 32. Be4 Nd4 (32... Nb4 {looks sharper.} 33. Rb1 Rxb1+ 34. Qxb1 Bf8 35. Kg2 Nd5) 33. Bxd4 Qxd4 34. Qxd4 exd4 {[%mdl 4096] Endgame KRB-KRB} 35. Kf1 Bf8 {The position is equal.} 36. Rd1 Kg7 37. Ke2 Rb5 38. h3 g5 39. g4 hxg4 40. hxg4 Bd6 41. Rc1 f6 42. Kf3 Kf7 43. Ra1 Be5 44. Ra7+ Ke6 45. Bf5+ Kd6 46. Ra6+ Kc5 47. Be4 Rb1 48. Rc6+ Kb5 49. Rc2 Re1 50. Bd5 Kb6 51. Be4 Kb5 52. Bc6+ Kb6 53. Be4 Kb5 {Accuracy: White = 46%, Black = 66%.} 1/2-1/2

[Event "IMSA Rapid Women 2019"]
[Site "Hengshui"]
[Date "2019.05.16"]
[Round "11.16"]
[White "Lei, Tingjie"]
[Black "Koneru, Humpy"]
[Result "1/2-1/2"]
[WhiteElo "2507"]
[BlackElo "2553"]
[Annotator "RC"]
[PlyCount "97"]
[EventDate "2019.05.14"]
[EventType "rapid"]
[EventCountry "CHN"]
[SourceTitle "playchess.com"]
[Source "ChessBase"]
[SourceQuality "1"]
[TimeControl "900+10"]

1. e4 {[%emt 0:00:00]} e5 {[%emt 0:00:00]} 2. Nf3 {[%emt 0:00:00]} Nf6 {[%emt 0:00:00]} 3. Nxe5 {[%emt 0:00:00]} d6 {[%emt 0:00:00]} 4. Nf3 {[%emt 0:00:00]} Nxe4 {[%emt 0:00:00]} 5. d4 {[%emt 0:00:00]} d5 {[%emt 0:00:00]} 6. Bd3 {[%emt 0:00:02]} Bd6 {[%emt 0:00:03]} 7. O-O {[%emt 0:00:03]} O-O {[%emt 0:00:03]} 8. c4 {[%emt 0:00:02]} c6 {[%emt 0:00:02]} 9. Qc2 {[%emt 0:00:04]} Na6 {[%emt 0:00:38]} 10. a3 {[%emt 0:00:02]} f5 {[%emt 0:00:38]} 11. b4 {[%emt 0:00:08]} Nc7 {[%emt 0:00:29]} 12. c5 {[%emt 0:00:09]} Be7 {[%emt 0:00:05]} 13. Ne5 {[%emt 0:00:04]} Ne6 {[%emt 0:01:03]} 14. f3 {[%emt 0:00:41]} Nxd4 {[%emt 0:01:18]} 15. Qb2 {[%emt 0:00:03]} Ne6 {[%emt 0:00:14]} 16. fxe4 {[%emt 0:03:58]} fxe4 {[%emt 0:00:03]} 17. Rxf8+ {[%emt 0:00:02]} Qxf8 {[%emt 0:00:17]} 18. Bxe4 {[%emt 0:01:15]} dxe4 {[%emt 0:00:11]} 19. Nd2 {[%emt 0:02:09]} Qd8 {[%emt 0:07:56]} 20. h3 {[%emt 0:04:01]} Qd5 {[%emt 0:00:16]} 21. Ndc4 {[%emt 0:00:10]} Bf6 {[%emt 0:02:21]} 22. Bd2 {[%emt 0:00:24]} Qd4+ {[%emt 0:00:38]} 23. Qxd4 {[%emt 0:00:10]} Nxd4 {[%emt 0:00:02]} 24. Re1 {[%emt 0:00:27]} Bf5 {[%emt 0:00:03]} 25. Bc3 {[%emt 0:00:35]} Nb5 {[%emt 0:00:06]} 26. Bb2 {[%emt 0:00:11]} Rd8 {[%emt 0:00:10]} 27. g4 {[%emt 0:01:01]} Be6 {[%emt 0:00:20]} 28. a4 {[%emt 0:01:11]} Bxc4 {[%emt 0:00:37]} 29. Nxc4 {[%emt 0:00:03]} Bxb2 {[%emt 0:00:19]} 30. axb5 {[%emt 0:00:13]} Bd4+ {[%emt 0:00:13]} 31. Kg2 {[%emt 0:00:02]} cxb5 {[%emt 0:00:11]} 32. Nd6 {[%emt 0:00:01]} b6 {[%emt 0:00:26]} 33. Rxe4 {[%emt 0:01:27]} bxc5 {[%emt 0:00:13]} 34. Nxb5 {[%emt 0:00:01]} a6 {[%emt 0:00:23]} 35. Nxd4 {[%emt 0:00:19]} cxd4 {[%emt 0:00:13]} 36. Kf2 {[%emt 0:00:02]} d3 {[%emt 0:00:29]} 37. Ke1 {[%emt 0:00:01]} d2+ {[%emt 0:00:05]} 38. Kd1 {[%emt 0:00:00]} Kf7 {[%emt 0:00:23]} 39. Rc4 {[%emt 0:00:13]} Rd6 {[%emt 0:00:19]} 40. Rc7+ {[%emt 0:00:01]} Kf6 {[%emt 0:00:17]} 41. Ra7 {[%emt 0:00:06]} h6 {[%emt 0:00:12]} 42. h4 {[%emt 0:00:44]} g6 {[%emt 0:00:15]} 43. Rh7 {[%emt 0:00:29]} Rd4 {[%emt 0:00:20]} 44. Rxh6 {[%emt 0:00:02]} Kg7 {[%emt 0:00:11]} 45. g5 {[%emt 0:00:02]} Rxb4 {[%emt 0:00:14]} 46. Kxd2 {[%emt 0:00:10]} Rg4 {[%emt 0:00:07]} 47. h5 {[%emt 0:00:07]} Rxg5 {[%emt 0:00:04]} 48. Rxg6+ {[%emt 0:00:02]} Rxg6 {[%emt 0:00:03]} 49. hxg6 {[%emt 0:00:01]} 1/2-1/2